Normal view
MARC view
- Leffler, Melvyn P.,
Entry Personal Name
001 - CONTROL NUMBER
- control field: 37085
003 - CONTROL NUMBER IDENTIFIER
- control field: OSt
005 - DATE AND TIME OF LATEST TRANSACTION
- control field: 20150111121038.0
008 - FIXED-LENGTH DATA ELEMENTS
- fixed length control field: 150111|| aca||aabn | a|a d
040 ## - CATALOGING SOURCE
- Original cataloging agency: OSt
100 10 - HEADING--PERSONAL NAME
- Personal name: Leffler, Melvyn P.,
- Dates associated with a name: 1945-